01416nac a22003131u 4500010001600000020002800016082001500044090001500059100003400074245016300108250001200271260006100283300003400344440003800378500004300416500002700459504006400486511002800550650003400578650002200612650001000634700003300644856008100677856008900758856010400847942001700951999001500968952011900983 a 90047648 a1555423175 (alk. paper)00a658.5bRYA c6489d6489 aRyan, Kathleen, 10aDriving fear out of the workplace :bhow to overcome the invisible barriers to quality, productivity, and innovation /cKathleen D. Ryan, Daniel K. Oestreich. a1st ed. aSan Francisco :bJossey-Bass Publishers,c.1991.cc.1991. axxi, 253 p. :bill. ;c24 cm. 4aThe Jossey-Bass management series a"A Bard Productions book"--T.p. verso. aDistributer: Al-Ahram. aIncludes bibliographical references (p. 245-246) and index. aCatalogued By: Mahitab. 0aOrganizational effectiveness. 0aWork environment. 0aFear.1 aOestreich, Daniel K.,d1950-413Table of contents onlyuhttp://www.loc.gov/catdir/toc/wiley023/90047648.html413Publisher descriptionuhttp://www.loc.gov/catdir/enhancements/fy0607/90047648-d.html413Contributor biographical informationuhttp://www.loc.gov/catdir/enhancements/fy0706/90047648-b.html cBBk658.5RYA c6489d6489 00104070aMAINbMAINc1STd2007-11-25ePurchasel3m11o658.5RYAp000007988r2025-07-15 00:00:00s2013-05-23yBB